000 00632nam a2200193 i 4500
001 133020
003 ES-MaACL
005 20250801144806.0
007 t|
008 070214s1910 sz r ||||1| fre d
100 1 _aRossell, Virgile.
_999836
245 1 0 _aHistoire de la littérature suisse des origines á nos jours /
_cVirgile Rossell, Henri-Ernest Jenny.
260 _aLausanne :
_b[s.n.],
_c1910 (
_fDelachaux et Niestlé)
300 _a2 v. ;
_c19 cm.
650 7 _aLiteratura suiza-
_xHistoria y crítica
_2
_9161178
700 1 _aJenny, Henri-Ernest.
_966309
852 _aES-MaACL
_jG-15277-78
999 _c133020
_d133020